| 000 | 00589nas a2200229 i 4500 | ||
|---|---|---|---|
| 001 | 77141 | ||
| 003 | ES-MaACL | ||
| 005 | 20250217134824.0 | ||
| 007 | t| | ||
| 008 | 041007d1978 sp ar p 0001 |spa d | ||
| 022 | _a2481-9212 | ||
| 245 | 0 | 0 | _aAnuario de cine. |
| 260 |
_a[Madrid : _bCUPSA, _c[1978-] |
||
| 300 |
_a1 v. (239 p. : _bil.) ; _c27 cm. |
||
| 362 | 0 | _a1977- | |
| 500 | _aDirector, Luis Gutiérrez Espada. | ||
| 650 | 0 | 4 |
_aCine- _zEspaña. _911025 |
| 700 | 0 |
_aGutiérrez Espada, Luis. _961146 |
|
| 852 |
_aES-MaACL _jA-9917 |
||
| 866 | 0 | _o1977. | |
| 999 |
_c77141 _d77141 |
||